Grundformen der wirtschaftsordnung : Marktwirtschaft, Zentralverwaltungswirtschaft

Spremljeno u:
Bibliografski detalji
Glavni autor: Hensel, K. Paul
Format: Knjiga
Jezik:Undetermined
Izdano: Germany Verlag C. H. Beck Munchen 1972
Teme:
Oznake: Dodaj oznaku
Bez oznaka, Budi prvi tko označuje ovaj zapis!
Thư viện lưu trữ: Trung tâm Học liệu Trường Đại học Cần Thơ
LEADER 00576nam a2200193Ia 4500
001 CTU_81832
008 210402s9999 xx 000 0 und d
082 |a 338.9 
082 |b H526 
100 |a Hensel, K. Paul 
245 0 |a Grundformen der wirtschaftsordnung : 
245 0 |b Marktwirtschaft, Zentralverwaltungswirtschaft 
245 0 |c K. Paul Hensel 
260 |a Germany 
260 |b Verlag C. H. Beck Munchen 
260 |c 1972 
650 |a Comparative economics,Economic policy 
904 |i Trọng Hải 
980 |a Trung tâm Học liệu Trường Đại học Cần Thơ